[Event "Medicine Hat op"]
[Site "Medicine Hat"]
[Date "2011.09.18"]
[Round "5.9"]
[White "Berndtsson, Kurt"]
[Black "Fitzgerald, Jerry"]
[Result "0-1"]
[WhiteElo "1279"]
[BlackElo "1600"]
[PlyCount "118"]
[EventDate "2011.09.17"]
[EventType "swiss"]
[EventRounds "5"]
[EventCountry "CAN"]
[SourceTitle "EXT 2022"]
[Source "ChessBase"]
[SourceDate "2021.10.06"]
[SourceVersion "1"]
[SourceVersionDate "2021.10.06"]
[SourceQuality "1"]

1. e4 c5 2. Nc3 Nc6 3. f4 e6 4. Bc4 a6 5. a3 b5 6. Ba2 Bb7 7. Nf3 b4 8. axb4 Nxb4 9. Bb3 a5 10. 0-0 Nf6 11. d3 Be7 12. Ne2 Qb6 13. Kh1 0-0 14. Qe1 c4 15. dxc4 Bxe4 16. Ned4 Bc5 17. Be3 d5 18. cxd5 exd5 19. Qd2 Rfc8 20. Rfd1 Bxf3 21. gxf3 Nc6 22. c3 Nxd4 23. Bxd4 Qxb3 24. Rg1 Bxd4 25. Qxd4 Nh5 26. Rg2 Rc6 27. Rd1 g6 28. f5 Raa6 29. Qxd5 Qxd5 30. Rxd5 Nf4 31. Rd8+ Kg7 32. Rg4 Nh5 33. fxg6 hxg6 34. Rb8 Re6 35. Re4 Rxe4 36. fxe4 Nf4 37. h4 Kf6 38. Rb5 a4 39. c4 a3 40. bxa3 Rxa3 41. Rb2 Rh3+ 42. Rh2 Rxh2+ 43. Kxh2 Ke5 44. c5 Kxe4 45. Kg3 Ne6 46. c6 Kd5 47. Kg4 Kxc6 48. h5 gxh5+ 49. Kxh5 Kd6 50. Kg4 Ke5 51. Kf3 f5 52. Kg3 f4+ 53. Kg2 Ke4 54. Kf2 f3 55. Kf1 Ke3 56. Ke1 Ng5 57. Kf1 Ne4 58. Ke1 Nd2 59. Kd1 f2 0-1